Fusicoccum leaf blight of rubber in Malaysia - recent developments and investigations (Record no. 59689)

MARC details
000 -LEADER
fixed length control field 01847nam a2200193Ia 4500
100 ## - MAIN ENTRY--AUTHOR NAME
Personal name Zainuddin Radziah Nom
245 #0 - TITLE STATEMENT
Title Fusicoccum leaf blight of rubber in Malaysia - recent developments and investigations
260 ## - PUBLICATION, DISTRIBUTION, ETC. (IMPRINT)
Name of publisher IRRDB symposium on diseases of Hevea Cochin, India, 21-22 November 1994
Year of publication 1994
300 ## - PHYSICAL DESCRIPTION
Number of Pages 64-69
520 ## - SUMMARY, ETC.
Summary, etc Fusicoccum leaf blight, the most recent disease to affect rubber in Malaysia, is caused by a species of Fusicoccum, a fungus not known to cause rubber diseases elsewhere in the world. Since its discovery in 1987, when it affected a large stand of four-year-old trees, the disease has been observed at eight other locations spread over three different states in the country. Nursery, immature as well as mature plantings are affected. Incidence in the nurseries varied with the clone. High incidence was recorded on clones RRIM 901 and RRIM 905 but there was negligible occurrence on other clones. At the immature phase, the more severely affected clones were RRIM 937, PB 350, RRIM 901, RRIM 905 and BPM 24. In mature stands, disease incidence was rather low with few trees affected resulting in negligible defoliation and thus not affecting canopy density. Clone screening indicated that RRIM 937, PB 350, RRIM 600, RRIM 901 and RRIM 905 were the most susceptible. Highly resistant clones were PC 119, PR 261, PRR 255 and GT1. Attempts to eradicate the disease in source-bush nurseries and in three clone-trial areas did not prevent reappearance some months later. A recent attempt at chemical control on an immature planting had shown some promise.
650 ## - SUBJECT ADDED ENTRY--TOPICAL TERM
Topical Term Clonal susceptibility
650 ## - SUBJECT ADDED ENTRY--TOPICAL TERM
Topical Term Disease control
650 ## - SUBJECT ADDED ENTRY--TOPICAL TERM
Topical Term Fusicoccum leaf blight
650 ## - SUBJECT ADDED ENTRY--TOPICAL TERM
Topical Term Hevea brasiliensis
650 ## - SUBJECT ADDED ENTRY--TOPICAL TERM
Topical Term Leaf blight
650 ## - SUBJECT ADDED ENTRY--TOPICAL TERM
Topical Term Malaysia
942 ## - ADDED ENTRY ELEMENTS (KOHA)
Koha item type Journals
Holdings
Withdrawn status Lost status Damaged status Not for loan Home library Current library Shelving location Date acquired Koha item type
      Journals RRII Library RRII Library Pathology 17/12/2021 Journals